| 000 | 00416nam a2200181Ia 4500 | ||
|---|---|---|---|
| 008 | 170918s9999 xx 000 0 und d | ||
| 020 | _a9780440245919 | ||
| 050 | _bG869ti 2009 | ||
| 100 | _aGrisham, John | ||
| 245 | 2 | _aA time to kill / | |
| 245 | _cby John Grisham. | ||
| 260 | _aUSA : | ||
| 260 | _bDell Book, | ||
| 260 | _c2009 | ||
| 300 | _a655 pages : | ||
| 300 | _billustrations ; | ||
| 300 | _c17cm. | ||
| 999 |
_c343396 _d343396 |
||